000 00423nam a2200169Ia 4500
008 221030s9999 xx 000 0 und d
020 _a9332518742
041 _aEnglish
100 _aA. S. Tanenbaum
245 0 _aComputer Networks
_cby A. S. Tanenbaum, W. J. Wetherall
250 _a5th
260 _bPearson Education
_aNew Delhi
_c2016
300 _a804
650 _aIT
700 _aW. J. Wetherall
942 _cBK
999 _c17147
_d17147